LEADER 01441nam a2200301 u 4500 001 000000052659 003 CaOOAMICUS 005 20070226115455.0 008 001023s1995 it u000 u ita u 020 $a88-14-05077-5 035 $a10859029 040 $aMSA$bita 110 1 $aItalia.$0(OLS)http://pul/name/1188 240 10$aCodice di procedura penale$9(Italia).$0(OLS)http://pul/title/69944 245 13$aIl Codice di procedura penale e le altre nuove norme del processo penale /$c[a cura di] Giovanni Conso. 250 $aEd. aggiornata al 20 ottobre 1995. 260 $aMilano :$bGiuffrè,$c1995. 300 $axix, 1162 p. ;$c17 cm 490 1 $aRaccolte legislative per l'università, i concorsi e la professione 650 4$aProcedura penale$zItalia.$0(OLS)http://pul/subject/12686 700 1 $aConso, Giovanni.$0(OLS)http://pul/name/15769 830 0$aRaccolte legislative per l'università, i concorsi e la professione.$0(OLS)http://pul/title/70604 850 $aPUL 852 $aPUL$W1$xDP2 Diritto e Scienze Sociali 2$y100$mUtrCiv E 10$j69586$nBK-PRI$qStampati Altre Collocazioni$B69586$CPULBib$Z2$F69586 $H74347 $82 941 1 $a10 996 $6020$a88-14-05077-5$9(OLS)http://pul/number/66450 996 $6245$aIl Codice di procedura penale e le altre nuove norme del processo penale$9(OLS)http://pul/title/70603 996 $6260$aMilano :$bGiuffrè$9(OLS)http://pul/publisher/48401 LEADER 01528nam a2200325 a 4500 001 000000126671 003 CaOOAMICUS 005 20111025120203.0 008 111025s2010 be u000 u eng r 020 $z9789058677372* 040 $aPUL$bita 100 1 $aDoyle, John P.$0(OLS)http://pul/name/51513 245 10$aCollected studies on Francisco Suárez, S.J. (1548-1617) /$cJohn P. Doyle ; edited by Victor M. Salas. 260 $aLeuven :$bLeuven University Press ;$a[S.l.] :$bDe Wulf-Mansioncentre,$c©2010. 300 $axvi, 416 p. ;$c25 cm. 490 1 $aAncient and medieval philosophy. Series 1 ;$v37 500 $aInclude indice. 500 $a"De Wulf-Mansion Centre, series I". 504 $aBibliografia p. [393]-408. 600 14$aSuárez, Francisco,$cS.I.,$d1548-1617$xCritica e interpretazione.$0(OLS)http://pul/subject/19944 700 1 $aSalas, Victor M.$0(OLS)http://pul/name/80752 830 0$aAncient and medieval philosophy.$nSeries 1 ;$v37.$0(OLS)http://pul/title/225 850 $aPUL 852 $aPUL$W1$xSL Religione 1$y3$m80 H 37$j146458$qStampati$B145165$CPULBib$Z2$F145165 $H117570 $82 941 1 $a8 996 $6020$z9789058677372*$9(OLS)http://pul/number/148228 996 $6245$aCollected studies on Francisco Suárez, S.J. (1548-1617)$9(OLS)http://pul/title/160000 996 $6260$aLeuven :$bLeuven University Press$9(OLS)http://pul/publisher/48301 996 $6260$a[S.l.] :$bDe Wulf-Mansioncentre$9(OLS)http://pul/publisher/81778